000 01027nam a2200265Ia 4500
003 OSt
005 20220923211228.0
006 a|||||r|||| 00| 0
007 ta
008 220922b |||||||| |||| 00| 0 hin d
020 _a9788171105434 (hbk)
_c350
024 _a289,893
037 _b312, 15/03/2016, Vidyanidhi Prakashan
_cTextual
040 _aARTS
_cARTS
_bhin
041 _2hin
_ahin
082 _aO152,2:gN, Q6
100 _aविनोद कुमार
_9156290
245 0 _aआधुनिक संस्कृत नाटकों में अपाणिनीय प्रयोग
246 _aĀdhunik sanskṛut nāṭakoan mean apāṇinīya prayoga
260 _aदिल्ली
_b परिमल पब्लिकेशन्स
_c2016
300 _a231पृ.
_ccm.
650 _aहिन्दी साहित्य
_9156264
942 _hO152,2:gN, Q6
_cTEXL
_2CC
999 _c297295
_d297295